Central Library OPAC University of Rajshahi

বাংলার গণহত্যা / (Record no. 55872)

MARC details
000 -LEADER
fixed length control field 00924nam a2200229 a 4500
001 - CONTROL NUMBER
control field 55872
003 - CONTROL NUMBER IDENTIFIER
rucl marc code BD-RjUL
005 - DATE AND TIME OF LATEST TRANSACTION
control field 20211209080326.0
008 - FIXED-LENGTH DATA ELEMENTS--GENERAL INFORMATION
fixed length control field 161122s1972 bg ||||| |||| 00| 0 ben d
035 ## - SYSTEM CONTROL NUMBER
System control number (BD-RjUL)55996
040 ## - CATALOGING SOURCE
Original cataloging agency BD-RjUL
Language of cataloging ben
Transcribing agency BD-RjUL
041 ## - LANGUAGE CODE
Language code of text/sound track or separate title ben
082 ## - DEWEY DECIMAL CLASSIFICATION NUMBER
Edition number 23
Classification number 954.9205
Author mark and year CHB 1972
100 1# - MAIN ENTRY--PERSONAL NAME
Personal name চৌধুরী, আবদুল গণি
9 (RLIN) 166350
245 10 - TITLE STATEMENT
Title বাংলার গণহত্যা /
Statement of responsibility, etc. আবদুল গণি চৌধুরী
250 ## - EDITION STATEMENT
Edition statement ১ম প্রকাশ
260 ## - PUBLICATION, DISTRIBUTION, ETC. (IMPRINT)
Place of publication, distribution, etc. ঢাকা :
Name of publisher, distributor, etc. আহমদ পাবলিশিং হাউস,
Date of publication, distribution, etc. ১৯৭২ [জ্যৈষ্ঠ ১৩৭৯]
300 ## - PHYSICAL DESCRIPTION
Pagination [৮], ১০৪ পৃ. ;
Size ২১ সেমি.
650 ## - SUBJECT ADDED ENTRY--TOPICAL TERM
Topical term or geographic name as entry element মুক্তিযুদ্ধ
Geographic subdivision বাংলাদেশ
9 (RLIN) 166351
Form subdivision ইতিহাস
Topical term or geographic name as entry element Liberation War
Geographic subdivision Bangladesh
9 (RLIN) 166352
Form subdivision History
942 ## - ADDED ENTRY ELEMENTS (KOHA)
Source of classification or shelving scheme Dewey Decimal Classification
Koha item type Books
Holdings
Lost status Source of classification or shelving scheme Damaged status Not for loan Collection code Permanent Location Current Location Shelving location Date acquired Source of acquisition Cost, normal purchase price Total Checkouts Full call number Date last seen Date checked out Copy number Koha item type
  Dewey Decimal Classification     Non-fiction Central Library, University of Rajshahi Central Library, University of Rajshahi   11/09/1973 Nawroge kitabstan, Dhaka 4.50 1 B 954.9205 CHB 1972 29/10/2017 26/09/2017 C-2 Books
  Dewey Decimal Classification   Not For Loan Rare Books Central Library, University of Rajshahi Central Library, University of Rajshahi Rare Book Section 25/08/1973 Dacca, Nowrose Kitabisthan 4.50   BRA 954.9205 CHB 1972 18/03/2020   C-1 Rare Books